| 000 | 00988aam a2200373a 44500 | ||
|---|---|---|---|
| 008 | 930507s1934 cat | ||
| 041 | _acat | ||
| 041 | _bcat | ||
| 041 | _bspa | ||
| 080 | _a34(038)(467.1) | ||
| 100 |
_aFolch i Capdevila, Rafael _960911 |
||
| 245 | _aVocabulari jurídic català | ||
| 245 | _cLluís G Serrallonga i Guasch | ||
| 245 | _cRafael Folch i Capdevila | ||
| 260 | _aBarcelona | ||
| 260 | _bIl·lustre Col·legi d'Advocats de Barcelona | ||
| 260 | _c1934 | ||
| 300 |
_a330 p. _c21 cm |
||
| 500 | _aLèxic castellà-català: p. 251. Exemplar fotocopiat. | ||
| 520 | _aaprox. 6400 | ||
| 522 | _aCatalunya | ||
| 546 | _acatalà | ||
| 591 | _a3547 | ||
| 592 | _aObra terminològica | ||
| 593 | _aMA | ||
| 594 | _a3547 | ||
| 650 |
_adret _960548 |
||
| 700 |
_aSerrallonga i Guasch, Lluís G. _960912 |
||
| 901 | _c<1934> | ||
| 902 | _a930507 | ||
| 942 |
_cMO _n0 |
||
| 999 |
_c51113 _d51113 |
||